000 00586nam a2200193Ia 4500
008 151121s9999||||xx |||||||||||||| ||und||
082 _a833/भगत
082 _bHNW-43464
100 _aभगत मंजुल
245 _aबेगाने घर में
260 _b"सरस्वती विहार , दिल्ली"
260 _c--
300 _a75
600 _aभगत मंजुल
630 _aबेगाने घर में
700 _aभगत मंजुल
730 _aबेगाने घर में
942 _cBOOK
999 _c1231545
_d1231542